Anime Waifus - Statistics

General Stats
  • This quiz has been taken 389 times
    110 since last reset
  • The average score is 27 of 56
Answer Stats
Picture Hint Answer % Correct
Naruto Hinata Hyūga
94%
One Piece Nami
93%
One Piece Nico Robin
91%
Beyond Journey's End Frieren
86%
Naruto Tsunade
85%
Spy x Family Yor Forger
85%
Demon Slayer Nezuko Kamado
84%
Re:Zero Rem
84%
Chainsaw Man Power
81%
Chainsaw Man Makima
80%
One Piece Boa Hancock
79%
Demon Slayer Shinobu Kochō
76%
Chainsaw Man Reze
73%
Darling in The Franxx Zero Two
72%
My Dress-Up Darling Marin Kitagawa
71%
Fairy Tail Erza Scarlet
69%
Bleach Yoruichi Shihōin
69%
Fairy Tail Lucy Heartfilia
64%
High School DxD Rias Gremory
62%
Sword Art Online Asuna Yuuki
61%
Bleach Orihime Inoue
61%
The Apothecary Diaries Maomao
57%
Don't Toy With Me Hayase Nagatoro
55%
Oshi no Ko Ai Hoshino
53%
... The Rock! Hitori Gotō
53%
Beyond Journey's End Fern
52%
Overlord Albedo
49%
Love is War Chika Fujiwara
49%
Black Clover Noelle Silva
49%
Oshi no Ko Ruby Hoshino
48%
Bleach Nelliel Tu Odelschwanck
47%
Roshidere Alisa Mikhailovna Kujou
46%
Neon Genesis Evangelion Asuka Langley Sōryū
46%
Fragrant Flower Kaoruko Waguri
41%
Fairy Tail Mirajane Strauss
37%
Oshi no Ko Kana Arima
36%
High School DxD Akeno Himejima
34%
Mirai Nikki Yuno Gasai
29%
Date a Live Kurumi Tokisaki
28%
Danganronpa Junko Enoshima
27%
Beyond Journey's End Übel
27%
... Wants To Hang Out! Hana Uzaki
25%
DanMachi Hestia
23%
Gurren Lagann Yoko Littner
23%
Overlord Shalltear Bloodfallen
20%
Akatsuki no ... Yona
20%
TenSura Milim Nava
19%
Dragon Maid Tohru
18%
KonoSuba Yunyun
15%
Shimoneta Anna Nishikinomiya
14%
Danganronpa Celestia Ludenberg
14%
Re:Zero Echidna
14%
Haganai Sena Kashiwazaki
8%
Goblin Slayer Sword Maiden
6%
Dagashi Kashi Hotaru Shidare
4%
Heaven's Lost Property Ikaros Alpha
3%
No matching quizzes found
Score Distribution
Percent of People with Each Score
Percentile by Number Answered
Your Score History
You have not taken this quiz since the last reset